[Event "WA Open Blitz Championship"]
[Site "Chess.com"]
[Date "2020.05.25"]
[Round "?"]
[White "Metzmaker, Suya"]
[Black "Jammalamadaka, Vihaan"]
[Result "0-1"]
[WhiteElo "801"]
[BlackElo "1312"]
[PlyCount "124"]
[EventDate "2020.??.??"]
[EventType "blitz"]

1. e4 c5 2. Nf3 Nc6 3. d4 cxd4 4. Nxd4 Nf6 5. Nc3 e6 6. f3 Bb4 7. Be3 d5 8.
exd5 Nxd5 9. Bd2 Nxd4 10. a3 Bxc3 11. Bxc3 Nxc3 12. bxc3 Nc6 13. Qxd8+ Nxd8 14.
Bd3 O-O 15. O-O b6 16. Be4 Rb8 17. a4 Bb7 18. Bxb7 Nxb7 19. a5 Nxa5 20. Rad1
Nc4 21. Rd7 a5 22. Rd4 b5 23. Rb1 e5 24. Re4 f5 25. Rh4 Nd6 26. g4 f4 27. Rh5
Rfe8 28. Rg5 h6 29. Rg6 Rb6 30. Rd1 Rd8 31. Re6 Kf7 32. Rxe5 Nb7 33. Rde1 Rd7
34. Rb1 b4 35. cxb4 Rxb4 36. Rxb4 axb4 37. Rb5 Nd8 38. Rxb4 Rd1+ 39. Kf2 g5 40.
c3 Rd2+ 41. Ke1 Rxh2 42. Rb6 Ne6 43. Rb7+ Kf6 44. Rb6 Rc2 45. Rc6 Ke7 46. Kd1
Ra2 47. c4 Ra1+ 48. Kc2 Nd4+ 49. Kd3 Nxc6 50. Ke4 Kf6 51. Kd5 Nd8 52. Kd6 Ra3
53. c5 Rxf3 54. c6 Nxc6 55. Kxc6 Rg3 56. Kd6 f3 57. Kd7 f2 58. Kd6 f1=Q 59. Kd7
Rd3+ 60. Kc6 Qc1+ 61. Kb5 Rb3+ 62. Ka4 Qa3# 0-1

[Event "WA Open Blitz Championship"]
[Site "Chess.com"]
[Date "2020.05.25"]
[Round "?"]
[White "Metzmaker, Suya"]
[Black "Chung, Ethan"]
[Result "1-0"]
[WhiteElo "801"]
[BlackElo "1373"]
[PlyCount "111"]
[EventDate "2020.??.??"]
[EventType "blitz"]

1. e4 e6 2. d4 d5 3. exd5 exd5 4. Nc3 Nf6 5. Bg5 Bb4 6. Nf3 O-O 7. Be2 Bg4 8.
O-O Nc6 9. Re1 Qd6 10. h3 Bxf3 11. Bxf3 Bxc3 12. bxc3 Rad8 13. Rb1 b6 14. Be2
h6 15. Bh4 Rc8 16. Ba6 Rb8 17. Bg3 Qd7 18. Bb5 Ne4 19. Bf4 Nxc3 20. Qf3 Nxb1
21. Rxb1 Nxd4 22. Bxd7 Nxf3+ 23. gxf3 Rbd8 24. Bc6 f5 25. Bxc7 Rc8 26. Bxd5+
Kh8 27. Be5 Rxc2 28. Bb3 Re2 29. Bd6 Rd8 30. Rd1 Re6 31. Bxe6 Kh7 32. Bxf5+ Kg8
33. Bc2 Kf7 34. Bc7 Rc8 35. Rd7+ Ke6 36. Rxg7 Kf6 37. Rh7 Ke6 38. Be4 Kf6 39.
Bg3 Rc1+ 40. Kg2 Ra1 41. Rxh6+ Ke7 42. Rh7+ Kd8 43. Rxa7 b5 44. Bh4+ Ke8 45.
Bf6 Kf8 46. Bxa1 Ke8 47. Kg3 Kf8 48. Kf4 Kg8 49. Kf5 Kf8 50. Ke6 Kg8 51. Kf6 b4
52. Bd5+ Kh8 53. Be4 Kg8 54. Bb2 b3 55. axb3 Kf8 56. Ra8# 1-0

[Event "WA Open Blitz Championship"]
[Site "Chess.com"]
[Date "2020.05.25"]
[Round "?"]
[White "Metzmaker, Suya"]
[Black "Vemparala, Nikash"]
[Result "1-0"]
[WhiteElo "801"]
[BlackElo "1684"]
[PlyCount "57"]
[EventDate "2020.??.??"]
[EventType "blitz"]

1. e4 e5 2. Nf3 Nc6 3. Bc4 Bc5 4. c3 Nf6 5. d4 exd4 6. cxd4 Bb4+ 7. Bd2 Bxd2+
8. Nbxd2 d5 9. exd5 Nxd5 10. Qb3 Na5 11. Qb5+ c6 12. Qc5 b6 13. Qa3 Nxc4 14.
Nxc4 b5 15. Nd6+ Kd7 16. Ne5+ Kc7 17. Ndxf7 Qf8 18. Nxh8 Qxh8 19. Qa5+ Nb6 20.
Qc3 Bb7 21. O-O Nd5 22. Qc2 Nb4 23. Qc3 Nd5 24. Qc5 a6 25. Rac1 Qe8 26. Rfe1
Ne7 27. Nf3 Kd7 28. Rcd1 Qf7 29. Ne5+ 1-0

[Event "WA Open Blitz Championship"]
[Site "Chess.com"]
[Date "2020.05.25"]
[Round "?"]
[White "Gabunia, Davit"]
[Black "Metzmaker, Suya"]
[Result "1-0"]
[WhiteElo "1747"]
[BlackElo "801"]
[PlyCount "113"]
[EventDate "2020.??.??"]
[EventType "blitz"]

1. b3 e5 2. Bb2 Nc6 3. e3 d5 4. Nf3 Bd6 5. Be2 Bg4 6. d4 e4 7. Nfd2 Bxe2 8.
Qxe2 Nf6 9. a3 Qe7 10. c4 dxc4 11. bxc4 O-O 12. c5 Bxc5 13. dxc5 Qxc5 14. Nc3
Nd5 15. Nxd5 Qxd5 16. O-O Rad8 17. Rfd1 Qe6 18. Nf1 Rxd1 19. Rxd1 h6 20. Ba1
Qe7 21. Qb2 Qg5 22. Ng3 Qg6 23. Qxb7 Ne7 24. Qxc7 Nf5 25. Rd8 Rxd8 26. Qxd8+
Kh7 27. Nxf5 Qxf5 28. Qd4 f6 29. h3 Kg6 30. Qxa7 Qd5 31. Bd4 Qc4 32. Kh2 Qc1
33. Qe7 Qd2 34. Qxe4+ Kf7 35. Qd5+ Kg6 36. h4 Qxf2 37. h5+ Kh7 38. Qe4+ Kg8 39.
Qe8+ Kh7 40. Qg6+ Kh8 41. Qg3 Qf5 42. Qh3 Qf2 43. a4 Qa2 44. Qc8+ Kh7 45. Qf5+
Kh8 46. a5 Qa4 47. Qc8+ Kh7 48. a6 Qa5 49. Qc2+ Kg8 50. Qb3+ Kh7 51. Qd3+ Kg8
52. a7 Qd8 53. Qe4 Qd6+ 54. Be5 fxe5 55. a8=Q+ Kf7 56. Qab7+ Ke6 57. Qg6# 1-0

[Event "WA Open Blitz Championship"]
[Site "Chess.com"]
[Date "2020.05.25"]
[Round "?"]
[White "Metzmaker, Suya"]
[Black "Bell, Harry"]
[Result "1/2-1/2"]
[WhiteElo "801"]
[BlackElo "2000"]
[PlyCount "87"]
[EventDate "2020.??.??"]
[EventType "blitz"]

1. e4 e5 2. Nf3 Nf6 3. Nxe5 d6 4. Nf3 Nxe4 5. Qe2 Qe7 6. d3 Nf6 7. Qxe7+ Bxe7
8. Bg5 Bg4 9. Be2 Nbd7 10. Nc3 c6 11. h3 Bh5 12. Nd4 Bxe2 13. Ndxe2 d5 14. d4
Bb4 15. a3 Bd6 16. O-O-O O-O 17. Rde1 b5 18. Bf4 Be7 19. Ng3 Rfe8 20. Nf5 Bf8
21. Rxe8 Rxe8 22. Kd2 g6 23. Ng3 a5 24. Re1 b4 25. Rxe8 Nxe8 26. axb4 axb4 27.
Nce2 Nd6 28. c3 bxc3+ 29. bxc3 Nc4+ 30. Kd3 Nf6 31. Be5 Nd7 32. Bf4 f6 33. Be3
Kf7 34. Bf4 Ke6 35. Be3 Bd6 36. Nf4+ Kf7 37. f3 h5 38. Nfe2 Nb2+ 39. Kc2 Nc4
40. Kd3 Ndb6 41. Bh6 Nb2+ 42. Kc2 N2c4 43. Kd3 Nd7 44. Be3 1/2-1/2

[Event "WA Open Blitz Championship"]
[Site "Chess.com"]
[Date "2020.05.25"]
[Round "?"]
[White "Lopez, Francisco"]
[Black "Metzmaker, Suya"]
[Result "1-0"]
[WhiteElo "1778"]
[BlackElo "801"]
[PlyCount "111"]
[EventDate "2020.??.??"]
[EventType "blitz"]

1. d4 d5 2. Bg5 Nc6 3. c3 Bf5 4. e3 h6 5. Bf4 Nf6 6. Bd3 Bxd3 7. Qxd3 e6 8. Nd2
Be7 9. e4 dxe4 10. Nxe4 Nxe4 11. Qxe4 Qd5 12. Qxd5 exd5 13. Bxc7 Rc8 14. Bg3
O-O 15. Kd2 Bg5+ 16. f4 Bf6 17. Nf3 Rfe8 18. Rae1 Re6 19. Ne5 Bxe5 20. fxe5
Rce8 21. b4 f6 22. exf6 gxf6 23. Rxe6 Rxe6 24. Rf1 Kg7 25. Rf4 Kg6 26. Rg4+ Kf7
27. Bf4 Re4 28. g3 Ne7 29. Rh4 Ng6 30. Rxh6 Nxf4 31. gxf4 Rxf4 32. Rh7+ Ke6 33.
a4 b6 34. Rxa7 Rf2+ 35. Kd3 Rxh2 36. a5 bxa5 37. bxa5 Kf5 38. a6 Kf4 39. Rf7
Rh3+ 40. Kc2 Rh2+ 41. Kb3 Kf5 42. a7 Rh8 43. c4 dxc4+ 44. Kxc4 Rc8+ 45. Kb5 Ke6
46. Rb7 Kd6 47. Rb8 Rxb8+ 48. axb8=Q+ Kd5 49. Qf4 Ke6 50. Kc6 Ke7 51. Kc7 Kf7
52. d5 Ke7 53. d6+ Kf7 54. d7 Kg6 55. d8=Q Kf7 56. Qfxf6# 1-0

[Event "WA Open Blitz Championship"]
[Site "Chess.com"]
[Date "2020.05.25"]
[Round "?"]
[White "Metzmaker, Suya"]
[Black "Rao, Pradeep"]
[Result "0-1"]
[WhiteElo "801"]
[BlackElo "1158"]
[PlyCount "62"]
[EventDate "2020.??.??"]
[EventType "blitz"]

1. e4 e5 2. Nf3 Nc6 3. Bc4 d6 4. c3 Nf6 5. d4 exd4 6. cxd4 Bg4 7. Qb3 Qe7 8.
Nc3 Na5 9. Qb5+ Nc6 10. d5 a6 11. Qxb7 Rd8 12. Qxc6+ Bd7 13. Qxa6 Nxe4 14. O-O
Nc5 15. Qa3 Qf6 16. Re1+ Be7 17. Bg5 Qg6 18. Rxe7+ Kf8 19. Ree1 h6 20. Bxd8 Bh3
21. g3 h5 22. Be7+ Kg8 23. Bh4 Qc2 24. Re8+ Kh7 25. Rxh8+ Kxh8 26. b3 Qxc3 27.
Qa8+ Kh7 28. Qa3 Qxa1+ 29. Qc1 Qxc1+ 30. Ne1 Qxe1+ 31. Bf1 Qxf1# 0-1

[Event "WA Open Blitz Championship"]
[Site "Chess.com"]
[Date "2020.05.25"]
[Round "?"]
[White "Gottumukkala, Anath"]
[Black "Tang, Ryan"]
[Result "1-0"]
[WhiteElo "1785"]
[BlackElo "693"]
[PlyCount "41"]
[EventDate "2020.??.??"]
[EventType "blitz"]

1. Nf3 d5 2. g3 Nc6 3. Bg2 Nf6 4. d3 e5 5. O-O Bf5 6. c4 dxc4 7. Qa4 cxd3 8.
Nxe5 dxe2 9. Re1 Bb4 10. Nxc6 Qd7 11. Qxb4 Qxc6 12. Bxc6+ bxc6 13. Rxe2+ Kd8
14. Nc3 Bg4 15. Qe7+ Kc8 16. Bf4 Bd7 17. Rd1 Kb7 18. Rxd7 Nxd7 19. Qxd7 Ka6 20.
Qxc6+ Ka5 21. Qb5# 1-0

[Event "WA Open Blitz Championship"]
[Site "Chess.com"]
[Date "2020.05.25"]
[Round "?"]
[White "Tang, Ryan"]
[Black "Chung, Ethan"]
[Result "0-1"]
[WhiteElo "693"]
[BlackElo "1373"]
[PlyCount "102"]
[EventDate "2020.??.??"]
[EventType "blitz"]

1. e4 e6 2. d4 d5 3. exd5 exd5 4. Nc3 Nf6 5. Nf3 Bb4 6. Bf4 Nc6 7. Bb5 O-O 8.
a3 Bxc3+ 9. bxc3 Bg4 10. Rb1 Re8+ 11. Be2 Qe7 12. Rxb7 Bxf3 13. gxf3 Rac8 14.
Rb1 Qe6 15. Rg1 Nh5 16. Be3 Ne7 17. Qd3 Nf5 18. Rb7 Nxe3 19. Qxe3 Qxe3 20. fxe3
Rxe3 21. Rxa7 Rce8 22. Rg2 Nf4 23. Rf2 Nxe2 24. Rxc7 Ng3+ 25. Kd2 Re2+ 26. Rxe2
Nxe2 27. Kd3 Nf4+ 28. Kd2 Ne6 29. Kd3 Nxc7 30. c4 dxc4+ 31. Kxc4 Rc8 32. Kb4
Nd5+ 33. Kb5 Rxc2 34. Ka6 Ra2 35. Kb7 Rxa3 36. Kc8 Rc3+ 37. Kd8 Ra3 38. Ke8
Nf6+ 39. Ke7 Ra6 40. Kd8 Ra7 41. Kc8 Kf8 42. Kb8 Rd7 43. Kc8 Ke7 44. Kb8 Kd6
45. Kc8 Kc6 46. Kb8 Nd5 47. h4 h5 48. Ka8 f5 49. Kb8 f4 50. Ka8 Kb6 51. Kb8
Rd8# 0-1

[Event "WA Open Blitz Championship"]
[Site "Chess.com"]
[Date "2020.05.25"]
[Round "?"]
[White "Bablani, Arnav"]
[Black "Tang, Ryan"]
[Result "0-1"]
[WhiteElo "909"]
[BlackElo "693"]
[PlyCount "114"]
[EventDate "2020.??.??"]
[EventType "blitz"]

1. e4 e5 2. Nf3 Nc6 3. Bb5 Bc5 4. Nxe5 Nxe5 5. d4 Bd6 6. dxe5 Bxe5 7. Nc3 Nf6
8. Bg5 h6 9. Bh4 a6 10. Bc4 d6 11. O-O Be6 12. Bxe6 fxe6 13. Qf3 d5 14. exd5
exd5 15. Nxd5 Qxd5 16. Bxf6 Qxf3 17. gxf3 gxf6 18. Kh1 Bxb2 19. Rab1 Be5 20.
Rxb7 Rg8 21. Re1 Rg5 22. f4 Rf5 23. fxe5 Rxe5 24. Rxe5+ fxe5 25. Rb3 Rd8 26.
Kg2 Rd2 27. Rc3 Kd7 28. Rd3+ Rxd3 29. cxd3 Kd6 30. Kf3 Kd5 31. Ke3 c5 32. Kd2
Kd4 33. a3 e4 34. dxe4 Kxe4 35. Kc3 Kf3 36. Kc4 Kxf2 37. Kxc5 Kg2 38. Kb6 Kxh2
39. Kxa6 Kg3 40. Kb7 h5 41. a4 h4 42. a5 h3 43. a6 h2 44. a7 h1=Q+ 45. Ka6 Qh6+
46. Kb7 Qg7+ 47. Ka6 Qf6+ 48. Kb7 Qe7+ 49. Ka6 Qd6+ 50. Kb7 Qd7+ 51. Ka6 Qa4+
52. Kb7 Qb5+ 53. Kc7 Qa6 54. Kb8 Qb6+ 55. Ka8 Qd8+ 56. Kb7 Qd7+ 57. Ka8 Qc8#
0-1

[Event "WA Open Blitz Championship"]
[Site "Chess.com"]
[Date "2020.05.25"]
[Round "?"]
[White "Nallabothula, Varin"]
[Black "Tang, Ryan"]
[Result "1-0"]
[WhiteElo "1293"]
[BlackElo "693"]
[PlyCount "131"]
[EventDate "2020.??.??"]
[EventType "blitz"]

1. e4 e5 2. Nf3 Nc6 3. Bb5 Bc5 4. O-O d6 5. d4 exd4 6. Nxd4 Bxd4 7. Qxd4 Nf6 8.
Bxc6+ bxc6 9. Re1 O-O 10. e5 dxe5 11. Qxd8 Rxd8 12. Nc3 Re8 13. Bg5 Bf5 14.
Bxf6 gxf6 15. Ne4 Bxe4 16. Rxe4 Rad8 17. Rc1 Rd4 18. Rxd4 exd4 19. Rd1 Re2 20.
Rc1 c5 21. Kf1 Rd2 22. Ke1 Rxf2 23. Kxf2 Kg7 24. Re1 Kg6 25. Re7 c6 26. Rxa7 c4
27. Rc7 Kf5 28. Rxc6 Ke4 29. Rxc4 Kd5 30. Rxd4+ Kxd4 31. a4 Kc5 32. Kf3 Kb4 33.
b3 Kc3 34. a5 Kb4 35. a6 Kc3 36. a7 Kxc2 37. a8=Q Kxb3 38. Qb7+ Kc4 39. Qxf7+
Kd4 40. Qxf6+ Kd3 41. Qd6+ Kc2 42. Qe7 Kd3 43. Qxh7+ Kd2 44. Qe7 Kd1 45. Qe3
Kc2 46. Qd4 Kb1 47. h4 Kc1 48. h5 Kc2 49. Qc3+ Kb1 50. Qb2+ Kxb2 51. h6 Kc3 52.
h7 Kd3 53. h8=Q Kd2 54. Qe8 Kd3 55. g4 Kd2 56. Qe4 Kd1 57. Qe3 Kc2 58. Qd4 Kc1
59. Qd3 Kb2 60. Qc4 Kb1 61. Qc3 Ka2 62. Qb4 Ka1 63. Ke3 Ka2 64. Kd2 Ka1 65. Kc2
Ka2 66. Qb2# 1-0

[Event "WA Open Blitz Championship"]
[Site "Chess.com"]
[Date "2020.05.25"]
[Round "?"]
[White "Tang, Ryan"]
[Black "Rao, Pradeep"]
[Result "0-1"]
[WhiteElo "693"]
[BlackElo "1158"]
[PlyCount "90"]
[EventDate "2020.??.??"]
[EventType "blitz"]

1. e4 e5 2. Nf3 Nc6 3. Nc3 Nf6 4. Bc4 d6 5. d3 Bg4 6. Bg5 Be7 7. Bxf6 Bxf6 8.
Nd5 O-O 9. c3 Na5 10. b4 Nxc4 11. dxc4 c6 12. Ne3 Bh5 13. Qd2 Bg6 14. Qd3 h6
15. Rd1 Be7 16. Nf5 d5 17. Nxe7+ Qxe7 18. cxd5 cxd5 19. Qxd5 Rad8 20. Qxe5
Rxd1+ 21. Kxd1 Rd8+ 22. Ke1 Qd7 23. Nd4 Re8 24. Qb5 Rxe4+ 25. Kd2 Qg4 26. Qxb7
Qxg2 27. Qc8+ Kh7 28. Kd3 Re8+ 29. Kc4 Rxc8+ 30. Kb5 Qxh1 31. Nc2 Qxh2 32. Nd4
Qxf2 33. Nb3 Qb6+ 34. Ka4 Rxc3 35. Ka3 Rc6 36. Ka4 Qa6+ 37. Na5 Rb6 38. Ka3 Qb5
39. Nb3 Qxb4+ 40. Kb2 a5 41. a3 Qxb3+ 42. Kc1 Qb2+ 43. Kd1 Rb3 44. Ke1 Rxa3 45.
Kd1 Ra1# 0-1

[Event "WA Open Blitz Championship"]
[Site "Chess.com"]
[Date "2020.05.25"]
[Round "?"]
[White "Tang, Ryan"]
[Black "Jones, Davey"]
[Result "1-0"]
[WhiteElo "693"]
[BlackElo "1819"]
[PlyCount "53"]
[EventDate "2020.??.??"]
[EventType "blitz"]

1. e4 c5 2. Nc3 a6 3. Nf3 e6 4. Be2 Nc6 5. d3 Nf6 6. Bg5 Bd6 7. O-O h6 8. Bh4
Qc7 9. Qd2 Ne5 10. Nxe5 Bxe5 11. Bg3 Bxg3 12. fxg3 b5 13. d4 cxd4 14. Qxd4 d6
15. Qd2 Bb7 16. Rad1 Qb6+ 17. Kh1 Rd8 18. Bf3 O-O 19. Rfe1 d5 20. exd5 Nxd5 21.
Nxd5 Bxd5 22. Bxd5 Rxd5 23. Qe2 Rfd8 24. Rxd5 Rxd5 25. Rd1 Qd6 26. Rxd5 Qxd5
27. Qf1 1-0

[Event "WA Open Blitz Championship"]
[Site "Chess.com"]
[Date "2020.05.25"]
[Round "?"]
[White "Stein, Daniel"]
[Black "Tang, Ryan"]
[Result "1-0"]
[WhiteElo "1555"]
[BlackElo "693"]
[PlyCount "53"]
[EventDate "2020.??.??"]
[EventType "blitz"]

1. e4 e5 2. Nf3 Nc6 3. Bb5 Bc5 4. c3 Nf6 5. O-O d6 6. d4 exd4 7. cxd4 Bb6 8. d5
Nxe4 9. dxc6 O-O 10. h3 Nf6 11. Bg5 h6 12. Bh4 Bf5 13. Nc3 bxc6 14. Bxc6 Rc8
15. Nd5 g5 16. Bg3 Kg7 17. h4 gxh4 18. Bxh4 Kg8 19. Nxf6+ Kg7 20. Nh5+ Kg6 21.
Bxd8 Rfxd8 22. Nh4+ Kg5 23. Nxf5 Kxf5 24. Qf3+ Kg5 25. Be4 Kh4 26. g3+ Kg5 27.
Qf5# 1-0

[Event "WA Open Blitz Championship"]
[Site "Chess.com"]
[Date "2020.05.25"]
[Round "?"]
[White "Semenov, Fedya"]
[Black "Tang, Ryan"]
[Result "1-0"]
[WhiteElo "1803"]
[BlackElo "693"]
[PlyCount "71"]
[EventDate "2020.??.??"]
[EventType "blitz"]

1. e4 e5 2. Nf3 Nc6 3. Bb5 Bc5 4. O-O d6 5. c3 a6 6. Ba4 Nf6 7. Bc2 Bg4 8. h3
Bh5 9. d3 O-O 10. Bg5 h6 11. Bh4 Qe7 12. Nbd2 Rad8 13. b4 Bb6 14. Re1 Rfe8 15.
a4 a5 16. b5 Na7 17. g4 Bg6 18. d4 exd4 19. cxd4 h5 20. e5 dxe5 21. Rxe5 Qf8
22. Bxg6 fxg6 23. Qb3+ Qf7 24. Qxf7+ Kxf7 25. Nb3 Rxe5 26. dxe5 Ne8 27. Bxd8
Ke6 28. Rd1 hxg4 29. hxg4 Kf7 30. Ng5+ Kf8 31. Rd7 Kg8 32. Re7 Kf8 33. Ne6+ Kg8
34. Rxe8+ Kh7 35. Ng5+ Kh6 36. Rh8# 1-0

[Event "WA Open Blitz Championship"]
[Site "Chess.com"]
[Date "2020.05.25"]
[Round "?"]
[White "Tang, Ryan"]
[Black "Wong-Godfrey, Emerson"]
[Result "0-1"]
[WhiteElo "693"]
[BlackElo "1114"]
[PlyCount "100"]
[EventDate "2020.??.??"]
[EventType "blitz"]

1. e4 e6 2. d4 c5 3. dxc5 Bxc5 4. Nc3 Nc6 5. Nf3 Nge7 6. Bc4 O-O 7. Bf4 a6 8.
O-O b5 9. Bb3 Rb8 10. Qd2 Ra8 11. Rad1 b4 12. Ne2 a5 13. Ba4 f6 14. Bxc6 Nxc6
15. Bd6 Bxd6 16. Qxd6 Ba6 17. Rfe1 Rf7 18. Ng3 Qe7 19. Qxe7 Rxe7 20. c3 bxc3
21. bxc3 Rd8 22. e5 fxe5 23. Nxe5 Nxe5 24. Rxe5 d6 25. Ree1 Bc4 26. Nf5 Rf7 27.
Ne3 Bxa2 28. Rd2 Bb3 29. Rb2 a4 30. Rbb1 d5 31. Nd1 Re7 32. Rb2 e5 33. Ne3 d4
34. Rd1 Bxd1 35. Rd2 Red7 36. Rxd1 dxe3 37. fxe3 Rxd1+ 38. Kf2 R8d2+ 39. Kg3 a3
40. Kg4 a2 41. Kf5 a1=Q 42. Ke6 Qxc3 43. Ke7 Rd7+ 44. Ke6 Qc4+ 45. Kf5 Rf1+ 46.
Kxe5 Re7+ 47. Kd6 Qe6+ 48. Kc5 Rc1+ 49. Kb4 Rb7+ 50. Ka4 Ra1# 0-1

[Event "WA Open Blitz Championship"]
[Site "Chess.com"]
[Date "2020.05.25"]
[Round "?"]
[White "Stein, Samuel"]
[Black "Lopez, Francisco"]
[Result "0-1"]
[WhiteElo "521"]
[BlackElo "1778"]
[PlyCount "86"]
[EventDate "2020.??.??"]
[EventType "blitz"]

1. e4 e5 2. Nf3 Nc6 3. Bc4 Bc5 4. O-O h6 5. c3 Nf6 6. d4 Bd6 7. dxe5 Nxe5 8.
Nxe5 Bxe5 9. Be3 c6 10. f3 O-O 11. Bd4 Qe7 12. Bxe5 Qxe5 13. Nd2 Nh5 14. Qe2
Nf4 15. Qf2 d5 16. exd5 cxd5 17. Rfe1 Qg5 18. Bf1 Nh3+ 19. Kh1 Nxf2+ 20. Kg1
Nh3+ 21. Kh1 Qxd2 22. gxh3 Qxb2 23. Reb1 Qxc3 24. Bg2 Rb8 25. Rc1 Qe5 26. Re1
Qh5 27. Kg1 Bxh3 28. Kf2 Bxg2 29. Kxg2 Rfd8 30. Red1 d4 31. Rd3 Qg6+ 32. Kf2
Qxd3 33. Re1 Qd2+ 34. Re2 Qxe2+ 35. Kxe2 d3+ 36. Kd2 Rbc8 37. f4 Rc2+ 38. Ke3
Re2+ 39. Kf3 Re1 40. Kf2 d2 41. Kf3 d1=Q+ 42. Kg3 Rg1+ 43. Kh4 Qg4# 0-1

[Event "WA Open Blitz Championship"]
[Site "Chess.com"]
[Date "2020.05.25"]
[Round "?"]
[White "Willy, Stephen"]
[Black "Stein, Samuel"]
[Result "1-0"]
[WhiteElo "1137"]
[BlackElo "521"]
[PlyCount "41"]
[EventDate "2020.??.??"]
[EventType "blitz"]

1. e4 e6 2. d4 d5 3. exd5 exd5 4. c4 Nf6 5. Nc3 Bb4 6. Bd2 Bxc3 7. Bxc3 O-O 8.
Nf3 Nc6 9. c5 b6 10. Bd3 bxc5 11. dxc5 d4 12. Nxd4 Nxd4 13. Bxd4 Re8+ 14. Be3
Nd5 15. O-O Nxe3 16. fxe3 Rxe3 17. Bxh7+ Kxh7 18. Qxd8 Re6 19. Rxf7 Rg6 20. Rf8
Kh6 21. Rh8# 1-0

[Event "WA Open Blitz Championship"]
[Site "Chess.com"]
[Date "2020.05.25"]
[Round "?"]
[White "Stein, Samuel"]
[Black "Ghosh, Yohan"]
[Result "0-1"]
[WhiteElo "521"]
[BlackElo "825"]
[PlyCount "78"]
[EventDate "2020.??.??"]
[EventType "blitz"]

1. e4 e5 2. Nf3 Nc6 3. Bc4 Bc5 4. c3 Nf6 5. d4 exd4 6. cxd4 Bb4+ 7. Bd2 Nxe4 8.
Bxb4 Nxb4 9. Qb3 Nc6 10. Bxf7+ Kf8 11. O-O Na5 12. Qa3+ Kxf7 13. Qxa5 c6 14.
Qf5+ Nf6 15. Ne5+ Ke8 16. Re1 Kf8 17. Ng4 d5 18. Qf4 Bxg4 19. h3 Bd7 20. g4 h6
21. f3 g5 22. Qe3 Kg7 23. Nc3 Qc7 24. Rac1 Qg3+ 25. Kf1 Qxh3+ 26. Kg1 Rae8 27.
Qf2 Rxe1+ 28. Rxe1 h5 29. Qg2 Qxg2+ 30. Kxg2 hxg4 31. fxg4 Bxg4 32. Re7+ Kf8
33. Rxb7 Bh3+ 34. Kg1 Rh7 35. Rb8+ Kg7 36. Rb7+ Kg6 37. Rb8 Rf7 38. Rb3 Ng4 39.
Kh1 Rf1# 0-1

[Event "WA Open Blitz Championship"]
[Site "Chess.com"]
[Date "2020.05.25"]
[Round "?"]
[White "Cheng, Ethan"]
[Black "Stein, Samuel"]
[Result "0-1"]
[WhiteElo "828"]
[BlackElo "521"]
[PlyCount "110"]
[EventDate "2020.??.??"]
[EventType "blitz"]

1. c4 e6 2. Nc3 d5 3. d4 Nc6 4. Nf3 Nf6 5. e3 Bb4 6. Bd3 O-O 7. Qc2 Bxc3+ 8.
Qxc3 dxc4 9. Bxc4 Qe7 10. Bd3 Qb4 11. O-O Qxc3 12. bxc3 Re8 13. Re1 e5 14. dxe5
Nxe5 15. Nxe5 Rxe5 16. e4 Bf5 17. Bg5 Nxe4 18. Bxe4 Rxe4 19. Rxe4 Bxe4 20. Re1
Bg6 21. Bf4 c6 22. Re7 f6 23. Rxb7 Rd8 24. h3 Rd3 25. Rxa7 Rxc3 26. Kf1 h6 27.
Ke2 Rc2+ 28. Kf3 Bf7 29. a3 Rc3+ 30. Be3 c5 31. Kf4 c4 32. Ra4 Rc2 33. Bd4 Rc1
34. Ra8+ Kh7 35. Rc8 Rd1 36. Bb2 Rd2 37. Bc3 Rxf2+ 38. Kg3 Re2 39. Bb4 Re3+ 40.
Kf2 Re8 41. Rxe8 Bxe8 42. Ke3 Bf7 43. a4 Kg8 44. a5 Bd5 45. Kd4 Bxg2 46. Kxc4
Bxh3 47. a6 Bg2 48. a7 g5 49. Kb5 f5 50. Kb6 f4 51. Be1 h5 52. Kc7 h4 53. Kb8
h3 54. a8=Q Bxa8 55. Kxa8 h2 0-1

[Event "WA Open Blitz Championship"]
[Site "Chess.com"]
[Date "2020.05.25"]
[Round "?"]
[White "Nallabothula, Varin"]
[Black "Stein, Samuel"]
[Result "1/2-1/2"]
[WhiteElo "1293"]
[BlackElo "521"]
[PlyCount "84"]
[EventDate "2020.??.??"]
[EventType "blitz"]

1. e4 e6 2. d4 d5 3. e5 c5 4. c3 Nc6 5. Nf3 f6 6. exf6 Nxf6 7. dxc5 Bxc5 8. Be2
O-O 9. O-O e5 10. b4 Bb6 11. Bb5 e4 12. Nd4 Nxd4 13. cxd4 Qd6 14. a3 Bc7 15. g3
Bd7 16. Bf4 Qe7 17. Bxc7 Bxb5 18. Bf4 Bxf1 19. Qxf1 Ng4 20. Nc3 e3 21. fxe3
Nxe3 22. Qe2 Nf5 23. Qb5 b6 24. Qxd5+ Qf7 25. Qg2 Qc4 26. Qd5+ Qxd5 27. Nxd5
Nxd4 28. Rd1 Ne2+ 29. Kf2 Nxf4 30. gxf4 g5 31. Ke3 gxf4+ 32. Nxf4 Rae8+ 33. Kf3
Rd8 34. Rg1+ Kh8 35. Ke3 Rfe8+ 36. Kf3 Rf8 37. Ke3 Rg8 38. Rc1 Rde8+ 39. Kf3
Rgf8 40. Kg3 Rg8+ 41. Kf3 Rgf8 42. Rc3 Kg8 1/2-1/2

[Event "WA Open Blitz Championship"]
[Site "Chess.com"]
[Date "2020.05.25"]
[Round "?"]
[White "Stein, Samuel"]
[Black "Velea, Stephanie"]
[Result "0-1"]
[WhiteElo "521"]
[BlackElo "1700"]
[PlyCount "132"]
[EventDate "2020.??.??"]
[EventType "blitz"]

1. e4 c5 2. Nf3 d6 3. d4 cxd4 4. Nxd4 Nf6 5. Nc3 g6 6. Bg5 Bg7 7. Bd3 O-O 8.
Nf3 Nc6 9. O-O Be6 10. Re1 Nd7 11. Qe2 Nde5 12. Nxe5 Nxe5 13. Bd2 Rc8 14. f4
Nc4 15. f5 Nxd2 16. fxe6 Qb6+ 17. Kh1 fxe6 18. Qxd2 Rf2 19. Qd1 Rcf8 20. Re2
Qxb2 21. Rxf2 Rxf2 22. Ne2 Qxa1 23. Qxa1 Bxa1 24. Ng3 Be5 25. Kg1 Bxg3 26. hxg3
Rd2 27. Kf1 Rd1+ 28. Ke2 Ra1 29. Bc4 Rc1 30. Bb3 Rg1 31. Kf2 Rh1 32. Bxe6+ Kg7
33. Bd5 b6 34. Bb3 Kf6 35. Kf3 Ke5 36. Bd5 Rc1 37. Bb3 Rf1+ 38. Ke3 Re1+ 39.
Kf3 Rxe4 40. Bg8 h6 41. Bf7 g5 42. Be6 Ra4 43. Bb3 Rb4 44. Ke3 Re4+ 45. Kf3 d5
46. g4 Rf4+ 47. Ke3 Re4+ 48. Kf3 e6 49. g3 Re1 50. Kf2 Re4 51. Kf3 d4 52. Bc4
a5 53. Bd3 Re3+ 54. Kf2 Rxd3 55. cxd3 b5 56. Ke2 b4 57. Kd2 a4 58. Kc2 Kd5 59.
Kb2 e5 60. a3 b3 61. Kc1 e4 62. Kd2 e3+ 63. Ke2 b2 64. Kf3 b1=Q 65. Ke2 Qc2+
66. Kf3 Qf2# 0-1

[Event "WA Open Blitz Championship"]
[Site "Chess.com"]
[Date "2020.05.25"]
[Round "?"]
[White "Stein, Samuel"]
[Black "Suess, Wade"]
[Result "0-1"]
[WhiteElo "521"]
[BlackElo "1195"]
[PlyCount "104"]
[EventDate "2020.??.??"]
[EventType "blitz"]

1. e4 e5 2. Nf3 Nc6 3. Bc4 Nf6 4. Ng5 d5 5. exd5 Na5 6. Bb5+ c6 7. dxc6 bxc6 8.
Ba4 h6 9. Nf3 e4 10. Qe2 Be7 11. Ng1 Qd4 12. Bb3 Nxb3 13. axb3 O-O 14. f3 Bc5
15. fxe4 Nxe4 16. Nf3 Qd5 17. d3 Nf6 18. Nc3 Qd6 19. Be3 Re8 20. Kd2 Bxe3+ 21.
Kd1 Bc1 22. Qf2 Bxb2 23. Rb1 Bxc3 24. g3 Ng4 25. Qg2 Ne3+ 26. Ke2 Nxg2+ 27. Kf2
Ne3 28. Ke2 Nxc2+ 29. Kd1 Ne3+ 30. Ke2 Ba6 31. Kf2 Qxd3 32. Rbe1 Ng4+ 33. Kg2
Bxe1 34. Nxe1 Qe2+ 35. Kh3 Qxe1 36. Rxe1 Rxe1 37. Kxg4 Re3 38. Kf4 Rxb3 39. Kf5
Rb2 40. Ke5 Rxh2 41. Kd6 Bb5 42. Kc7 Re8 43. Kb7 Re7+ 44. Kc8 Kf8 45. Kb8 Ba6
46. Ka8 c5 47. Kb8 c4 48. Ka8 c3 49. Kb8 c2 50. Ka8 c1=Q 51. Kb8 Qc7+ 52. Ka8
Qb7# 0-1

[Event "WA Open Blitz Championship"]
[Site "Chess.com"]
[Date "2020.05.25"]
[Round "?"]
[White "Stein, Samuel"]
[Black "Jones, Davey"]
[Result "0-1"]
[WhiteElo "521"]
[BlackElo "1819"]
[PlyCount "106"]
[EventDate "2020.??.??"]
[EventType "blitz"]

1. e4 c5 2. Nf3 a6 3. d4 cxd4 4. Nxd4 e6 5. Nc3 Nf6 6. Bg5 Qc7 7. Bxf6 gxf6 8.
Be2 Nc6 9. Nxc6 dxc6 10. Qd3 h5 11. O-O-O Bh6+ 12. Kb1 Ke7 13. Qg3 Qxg3 14.
hxg3 Bg7 15. Rxh5 Bd7 16. Rxh8 Rxh8 17. b3 c5 18. Kb2 Bc6 19. Bf3 b5 20. a4 f5
21. exf5 b4 22. Bxc6 Bxc3+ 23. Ka2 Rd8 24. Rxd8 Kxd8 25. fxe6 fxe6 26. Bb7 a5
27. Kb1 Ke7 28. Kc1 Kf6 29. Kd1 e5 30. Ke2 Kf5 31. Ke3 Kg5 32. Ke4 Kf6 33. g4
Ke6 34. f4 exf4 35. Kxf4 Bd2+ 36. Ke4 Kf6 37. Kf3 Ke5 38. Ke2 Bf4 39. Kd3 Bc1
40. Kc4 Bg5 41. Kxc5 Be7+ 42. Kb5 Bd8 43. g5 Kd4 44. c4 bxc3 45. g6 Bf6 46.
Kxa5 c2 47. Kb5 c1=Q 48. a5 Qc5+ 49. Ka6 Qb4 50. Bf3 Bd8 51. Ka7 Qxa5+ 52. Kb7
Qb6+ 53. Kc8 Qc7# 0-1